Hayri-nâme'ye göre XVII. yüzyılda Osmanlı düşünce hayatı/ (Record no. 16611)
| 000 -BAŞLIK | |
|---|---|
| Sabit Uzunluktaki Kontrol Alanı | 01249nam a22003857a 4500 |
| 001 - KONTROL NUMARASI | |
| Control Dosyası | 0016650 |
| 003 - KONTROL NUMARASI KİMLİĞİ | |
| Kontrol Alanı | KOHA_MİRAKIL |
| 005 - EN SON İŞLEM TARİHİ ve ZAMANI | |
| Kontrol Alanı | 20260207002111.0 |
| 007 - FİZİKSEL TANIM SABİT ALAN - GENEL BİLGİ | |
| Sabit uzunluklu kontrol alanı | ta |
| 008 - SABİT UZUNLUKTAKİ VERİ ÖGELERİ - GENEL BİLGİ | |
| Sabit Alan | 100421b2002 tu |||gr||||#0|||0|tur | |
| 020 ## - ISBN - ULUSLARARASI STANDART KİTAP NUMARASI | |
| Isbn | 975338386X |
| 040 ## - KATALOGLAMA KAYNAĞI | |
| Özgün Kataloglama Kurumu | TR-BiSEU |
| Kataloglama Dili | tur |
| Çeviri Kurumu | TR-BiSEU |
| Açıklama Kuralları | rda |
| 041 0# - DİL KODU | |
| Metin ya da ses kaydının dil kodu | tur |
| 044 ## - YAYINLAYAN/ÜRETEN KURULUŞUN ÜLKE KODU | |
| ISO country code | tu |
| 050 ## - SINIFLAMA ve YER NUMARASI | |
| Sınıflama Numarası | DR432 |
| Yer Numarası | .B48 2002 |
| 100 1# - KİŞİ ADI | |
| Yazar Adı (Kişi adı) | Bilkan, Ali Fuat. |
| 245 1# - ESER ADI BİLDİRİMİ | |
| Başlık | Hayri-nâme'ye göre XVII. yüzyılda Osmanlı düşünce hayatı/ |
| Sorumluluk Bildirimi | Ali Fuat Bilkan ; Ali Fuat Bilkan. |
| 264 #1 - ÜRERİM, YAYIN, DAĞITIM ve TELİF BİLDİRİMİ | |
| Yayın yeri | Ankara : |
| Yayınlayan | Akçağ Yayınları |
| Yayın tarihi | 2002 |
| 300 ## - FİZİKSEL TANIMLAMA | |
| Sayfa, Cilt vb. | 160 sayfa; 20 cm. |
| 336 ## - İÇERİK TÜRÜ | |
| Content type term | metin |
| Content type code | txt |
| Source | rdacontent |
| 337 ## - MEDYA TÜRÜ | |
| Media type term | aracısız |
| Media type code | n |
| Source | rdamedia |
| 338 ## - TAŞIYICI TÜRÜ | |
| Carrier type term | cilt |
| Carrier type code | nc |
| Source | rdacarrier |
| 490 1# - DİZİ BİLDİRİMİ | |
| Dizi Bildirimi | Akçağ yayınları ; |
| Cilt Numarası | 401. |
| 490 1# - DİZİ BİLDİRİMİ | |
| Dizi Bildirimi | Sosyoloji ; |
| Cilt Numarası | 5. |
| 500 ## - GENEL NOT | |
| Genel Not | Kaynakça var. |
| 505 ## - İÇİNDEKİLER NOTU | |
| İçindekiler Notu | Nabi, 1641 or 2-1712; Hayriye; Turkey; intellectual life. |
| 650 #0 - KONU BAŞLIĞI EK GİRİŞ - KONU TERİMİ | |
| Konusal terim veya coğrafi ad | Nabi, 1641 or 2-1712. Hayriye. |
| 9 (RLIN) | 38575 |
| 650 #0 - KONU BAŞLIĞI EK GİRİŞ - KONU TERİMİ | |
| Konusal terim veya coğrafi ad | Nabi, 1641 or 2-1712--Criticism and interpretation. |
| 9 (RLIN) | 27892 |
| 650 #0 - KONU BAŞLIĞI EK GİRİŞ - KONU TERİMİ | |
| Konusal terim veya coğrafi ad | Turkey--Intellectual life. |
| 9 (RLIN) | 7401 |
| 650 #0 - KONU BAŞLIĞI EK GİRİŞ - KONU TERİMİ | |
| Konusal terim veya coğrafi ad | Turkey--History 1683-1829. |
| 9 (RLIN) | 12826 |
| 830 1# - SERİ EK GİRİŞİ - TEKBİÇİM ESER ADI | |
| Tekbiçim Başlık | Akçağ yayınları ; |
| Volume number/sequential designation | 401. |
| 9 (RLIN) | 7970 |
| 830 1# - SERİ EK GİRİŞİ - TEKBİÇİM ESER ADI | |
| Tekbiçim Başlık | Sosyoloji ; |
| Volume number/sequential designation | 5. |
| 9 (RLIN) | 15722 |
| 907 ## - LOCAL DATA ELEMENT G, LDG (RLIN) | |
| a | Tarih |
| 942 ## - EK GİRİŞ ÖGELERİ (KOHA) | |
| Source of classification or shelving scheme | Library of Congress Classification |
| Koha item type | Book |
| Materyal Türü | Kalıcı Konum | Mevcut Konum | Raf Yeri | Sınıflandırma Kaynağı | Edinim Bilgisi | Ana Konular | Alt Konular | Yer Numarası | Demirbaş Numarası | Fatura Tarihi | Maliyet, Alış Fiyatı | Maliyet, Yenileme Fiyatı | Geri Çekilme Durumu | Kayıp Durumu | Hasarlı Durumu | Kredi için değil | Kayıt Tarih | Toplam Ödünçverme | Son Görülme Tarihi | Son Kontrol Tarihi | Genel / Bağış Notu |
|---|---|---|---|---|---|---|---|---|---|---|---|---|---|---|---|---|---|---|---|---|---|
| Book | Prof. Dr. Azmi Özcan Kütüphanesi | Prof. Dr. Azmi Özcan Kütüphanesi | Uluğbey Salonu | Library of Congress Classification | Bağış | DÜNYA TARİHİ (AVRUPA, ASYA, AFRİKA VB.) | Balkan Yarımadası | DR432 .B48 2002 | 0016650 | 13/08/2010 | 5.00 | 5.00 | 21/04/2010 | 27/05/2025 | 27/05/2025 | İİBF |
